| 000 | 00546nam a22001817a 4500 | ||
|---|---|---|---|
| 005 | 20240116110135.0 | ||
| 008 | 231107b |||||||| |||| 00| 0 eng d | ||
| 020 | _a409045519 | ||
| 041 | _aEnglish | ||
| 082 | _a346.43 NEW | ||
| 100 |
_aDe Beer, WV _lEnglish |
||
| 245 |
_aNewall's Law and Practice of Deeds Registration / _cWV De Beer |
||
| 250 | _aSecond Edition | ||
| 260 |
_aDurban : _bButterworth, _c1970 |
||
| 300 |
_bviii, 57 pages ; _c24,4 cm. |
||
| 650 |
_aLegal practice _bLaw |
||
| 942 |
_cBK _6ALISON_BN_VRIES |
||
| 999 |
_c368 _d368 |
||